| 000 | 00669nam a2200217Ia 4500 | ||
|---|---|---|---|
| 003 | GCL | ||
| 008 | 140319s9999 xx 000 0 ara d | ||
| 040 |
_aGCL / _cGCL |
||
| 082 | 0 | 4 |
_a658.93 _bب م |
| 100 | 1 | _aبروس م0 لانسوايل | |
| 245 | 1 | 0 |
_aالمزارع البارع: تعليم الادارة لصغار المزارعين / _cبروس م0 لانسوايل |
| 700 | 1 | _aمحجوب عمر | |
| 260 |
_a[S.N] : _bدلمون للنشر ، _c1989 |
||
| 300 | _a216 ص | ||
| 490 | _a | ||
| 650 | 0 | 4 | _aالادارة |
| 650 | 0 | 4 | _aتنظيم وادارة |
| 650 | 0 | 4 | _aالادارة الزارعية |
| 650 | 0 | 4 | _aالمزارع |
| 942 |
_2ddc _cBK |
||
| 999 |
_c54523 _d54523 |
||